000
00332 a2200157 4500
001
151239
040
_c
Escola São Tomás de Aquino
100
_a
LÓPEZ, Amèlia
240
1
0
_a
Robin Hood
_l
por
245
1
0
_a
Robin Hood
300
_a
30
362
0
_a
2004
440
1
_a
Scipione
697
_a
*LITERATURA INFANTO
942
_c
BK
999
_c
151239
_d
151239